000 00601nam a2200205Ia 4500
003 OSt
005 20230506125042.0
008 210423s2005 xx 000 0 und d
020 _a195673999
040 _cAL
041 _aeng
082 _a547.05
_223
_bBOCM
100 _aBOCHMANN (Manfred).
_999417
245 _aOrganometallics 2: complexes with transition metal-carbon pai-bonds.
260 _aNew York
_bOxford University Press
_c2005
300 _a89,2
_bPB
365 _b125
_cINR
906 _a2: ; complexes ; metal-carbon ; Organometallics ; pai-bonds ; transition
942 _2ddc
_cBK
999 _c163764
_d163764